Akkapporinte Irupathu Nasranivarshangal (Record no. 113421)

MARC details
000 -LEADER
fixed length control field 00397nam a2200121Ia 4500
008 - FIXED-LENGTH DATA ELEMENTS--GENERAL INFORMATION
fixed length control field 211119s9999||||xx |||||||||||||| ||und||
082 ## - DEWEY DECIMAL CLASSIFICATION NUMBER
Classification number 894.8123
Item number BEN-A
100 ## - MAIN ENTRY--PERSONAL NAME
Personal name Benyamin,
245 #0 - TITLE STATEMENT
Title Akkapporinte Irupathu Nasranivarshangal
260 ## - PUBLICATION, DISTRIBUTION, ETC.
Name of publisher, distributor, etc. D c Books
Place of publication, distribution, etc. 2008
Date of publication, distribution, etc. Kottayam
650 ## - SUBJECT ADDED ENTRY--TOPICAL TERM
Topical term or geographic name entry element Malayalam Literature
942 ## - ADDED ENTRY ELEMENTS (KOHA)
Koha item type BOOK
650 ## - SUBJECT ADDED ENTRY--TOPICAL TERM
Form subdivision Malayalam FictionMalayalam NovelsShort StoriesMalayalam
General subdivision General Stack
Holdings
Withdrawn status Lost status Damaged status Not for loan Home library Current library Date acquired Cost, normal purchase price Total Checkouts Full call number Barcode Shelving location Date last seen Date last checked out Price effective from Koha item type
        SB LIBRARY SB LIBRARY 19/11/2021 80.00 7 894.8123 BEN-A 00126879 GENERAL STACK 14/01/2026 12/01/2026 19/11/2021 BOOK

Powered by Koha